Η νομιμότητα των εμπόλεμων ζωνών : πτυχιακή εργασία

Αποθηκεύτηκε σε:
Λεπτομέρειες βιβλιογραφικής εγγραφής
Κύριος συγγραφέας: Βασιλειάδη, Συλβάνα-Νίκη
Συγγραφή απο Οργανισμό/Αρχή: Πανεπιστήμιο Αιγαίου Σχολή Επιστημών της Διοίκησης Τμήμα Ναυτιλίας και Επιχειρηματικών Υπηρεσιών - Τ.Ν.Ε.Υ
Άλλοι συγγραφείς: Σιούσιουρας, Πέτρος Π. (Εισηγητής διατριβής)
Μορφή: Thesis Βιβλίο
Γλώσσα:Greek
Δημοσίευση: 2009 :
Θέματα:
Διαθέσιμο Online:http://hdl.handle.net/11610/9375
Ετικέτες: Προσθήκη ετικέτας
Δεν υπάρχουν, Καταχωρήστε ετικέτα πρώτοι!

MARC

LEADER 00000cam a2200000 i 4500
001 1/12655
008 110329s2010 gre d
035 |l 10109866 
040 |a GR-MY-UA  |b gre  |e aacr 
041 0 |a gre 
082 0 |a 355.02  |2 (22) 
100 1 |a Βασιλειάδη, Συλβάνα-Νίκη. 
245 1 2 |a Η νομιμότητα των εμπόλεμων ζωνών :  |b πτυχιακή εργασία /  |c Βασιλειάδη Συλβάνα-Νίκη ; επιβλέπων καθηγητής Πέτρος Σιούσιουρας 
260 |a 2009 :  
300 |a 74 σ.;  |c 30 εκ. 
502 |a Πτυχιακή εργασία – Πανεπιστήμιο Αιγαίου, Χίος, 2010. 
650 0 0 |a War  |x History  |y 20th century. 
650 0 0 |a Dissertations, Academic  |z Greece. 
700 1 |4 ths  |a Σιούσιουρας, Πέτρος Π. 
710 1 |a Πανεπιστήμιο Αιγαίου  |b Σχολή Επιστημών της Διοίκησης  |b Τμήμα Ναυτιλίας και Επιχειρηματικών Υπηρεσιών - Τ.Ν.Ε.Υ. 
852 |a INST  |b CHIOS  |c DIATR  |e 20110329  |h 355.02 ΒΑΣ  |p 005200032452  |q 005200032452  |t DIE  |y 23 
852 |a INST  |b CHIOS  |c DIATR  |e 20110329  |h 355.02 ΒΑΣ  |p 005200032453  |q 005200032453  |t DIE  |y 23 
856 |u http://hdl.handle.net/11610/9375 
901 |a BIBL2-2011-1 
909 |a Χ  |b 148414 
909 |a Χ  |b 148415 
924 |a ΒΑΣΙΛΕΙΑΔΗ  |b ΣΥΛΒΑΝΑ-ΝΙΚΗ  |y ΧΙΟΣ  |z 2010-03 
970 |a ΠΟΥΛΑΚΗ  |b ΣΤΕΛΛΑ  |z 2011/03/29